Current US Toyota Models - Statistics

General Stats
  • This quiz has been taken 265 times
    257 since last reset
  • The average score is 9 of 16
Answer Stats
Answer % Correct
Camry
94%
Corolla
90%
Tundra
80%
Tacoma
75%
RAV4
70%
Prius
67%
Highlander
62%
Yaris
60%
4 Runner
59%
Avalon
56%
Sienna
50%
Sequoia
49%
Land Cruiser
47%
Venza
33%
FJ Cruiser
24%
Matrix
22%
No matching quizzes found
Score Distribution
Percent of People with Each Score
Percentile by Number Answered
Your Score History
You have not taken this quiz since the last reset